La apología de la globalización y el Informe del Banco de México 1993 /
Gespeichert in:
| 1. Verfasser: | |
|---|---|
| Format: | Text |
| Schlagworte: | |
| Tags: |
Tag hinzufügen
Keine Tags, Fügen Sie den ersten Tag hinzu!
|
MARC
| LEADER | 00000 a a2200000 04500 | ||
|---|---|---|---|
| 001 | 45904 | ||
| 003 | |||
| 040 | |||
| 100 | |a Bernal Sahagún, Víctor M. | ||
| 245 | |a La apología de la globalización y el Informe del Banco de México 1993 / |c Víctor M. Bernal Sahagún | ||
| 650 | |a MEXICO | ||
| 650 | |a GLOBALIZACION | ||
| 773 | |g número74 (1994), páginas 7-12 | ||
| 999 | |c 24360 |d 24360 | ||
